000 00653nam a2200277Ia 4500
005 20260324140643.0
008 008 260324s9999 xx 000 0 eng d
020 _a9781315060743
037 _aEBOOK
040 _aCRL
040 _beng
040 _cCRL
041 _2eng
041 _aeng
084 _qCRL
100 _aWilliam D. Nordhaus
_91205215
245 0 _aEconomics and Policy Issues in Climate Change
260 _bTaylor and Francis
260 _c1998
365 _a
365 _b220
856 _uhttp://www.taylorfrancis.com/books/9781315060743
942 _cEBOOK
999 _c1807513
_d1807513